Problemas resueltos de circuitos electrónicos avanzados
Guardat en:
| Autor principal: | |
|---|---|
| Format: | Llibre |
| Idioma: | espanyol |
| Publicat: |
Valparaíso
Universidad Católica de Valparaíso
1997
|
| Matèries: | |
| Etiquetes: |
Afegir etiqueta
Sense etiquetes, Sigues el primer a etiquetar aquest registre!
|
MARC
| LEADER | 00000nam a2200000 a 4500 | ||
|---|---|---|---|
| 001 | UCR9073 | ||
| 003 | CL-VaPUC | ||
| 008 | 980613e19970000CL |||||||||||||||||spa|d | ||
| 082 | 0 | 4 | |a 621.381 |b SER |2 21 |
| 100 | 0 | |a Serey F., Andrés J |e author |9 411241 | |
| 245 | 1 | 0 | |a Problemas resueltos de circuitos electrónicos avanzados |
| 300 | |a 70 h | ||
| 942 | |c BK | ||
| 945 | |d 19980613 00:00:00 |a aalvarez | ||
| 260 | |a Valparaíso |b Universidad Católica de Valparaíso |c 1997 | ||
| 650 | 0 | |a Circuitos electrónicos |9 260204 | |
| 650 | 7 | |a REALIMENTACION ELECTRONICA |2 CL-VaPUC |9 260707 | |
| 650 | 7 | |a OSCILADORES |2 CL-VaPUC |9 345821 | |
| 650 | 0 | |a Circuitos eléctricos |9 260262 | |
| 583 | |a last modification |c 20180403 11:51:40 |k Rodrigo Vera | ||
| 999 | |c 270319 |d 270317 | ||
| 952 | |0 0 |1 0 |2 ddc |4 0 |6 621_381000000000000_SER_1997 |7 0 |8 A |9 304554 |a BIBING |b BIBING |c RES |d 2019-11-20 |i 3411168 |o 621.381 SER 1997 |p 3411168 |r 2025-01-20 |w 2019-11-20 |y BK |k EIE | ||
| 952 | |0 0 |1 0 |2 ddc |4 0 |6 621_381000000000000_SER_1997 |7 0 |8 A |9 304555 |a BIBING |b BIBING |c RES |d 2019-11-20 |i 3411176 |o 621.381 SER 1997 |p 3411176 |r 2025-01-20 |w 2019-11-20 |y BK |k EIE | ||
| 952 | |0 0 |1 0 |2 ddc |4 0 |6 621_381000000000000_SER_1997 |7 0 |8 A |9 304556 |a BIBING |b BIBING |c RES |d 2019-11-20 |i 3411184 |o 621.381 SER 1997 |p 3411184 |r 2025-01-20 |w 2019-11-20 |y BK |k EIE | ||